000
00220nam a22000857a 4500
008
160713b xxu||||| |||| 00| 0 eng d
100
_9
2762
_a
Miura, A
245
_a
Shiokari Pass
260
_a
N.J
_b
. Fleming H.Revell.Com.
_c
1974
999
_c
2396
_d
2396